La Roca de Xeix
Descripción Física:
2 vols. ; il·lustracions b/n ; periodicitat: irregular ; 30 cm
MARC
| LEADER | 00000nas a2200000 a 4500 | ||
|---|---|---|---|
| 001 | 28283 | ||
| 003 | AGDB | ||
| 005 | 20260324175735.0 | ||
| 008 | 160829s9999 xx 000 0 cat d | ||
| 040 | |a agdb |b cat | ||
| 245 | |a La Roca de Xeix | ||
| 260 | |a Masnou : |b Ajuntament del Masnou : |b Museu Municipal de Nàutica del Masnou ; |c 1990- | ||
| 300 | |a 2 vols. ; |b il·lustracions b/n ; periodicitat: irregular ; |c 30 cm | ||
| 310 | |a Irregular | ||
| 362 | |a Núm. 1 (des. 1990)- | ||
| 504 | |a Bibliografia. | ||
| 586 | |a A partir de la 2a època (2001) publica els treballs guanyadors de la Beca de Recerca Local del Masnou. | ||
| 590 | |a Descripció basada en: Núm 23-24 (des. 2001). | ||
| 650 | |a Transport marítim |x Barcelona |x Història |x Revistes |9 39661 | ||
| 650 | |a Masnou |x Història local |x Revistes |9 39662 | ||
| 655 | 0 | |9 55823 |a Revistes | |
| 710 | 1 | |a Masnou (Catalunya). |9 51667 |b Ajuntament | |
| 710 | 2 | |a Museu Municipal de Nàutica del Masnou |9 56206 | |
| 866 | |a 2001 (23-24) | ||
| 866 | |a 2004 (26) | ||
| 901 | |a Arxiu | ||
| 942 | |n 1 |2 udc |c REV | ||
| 952 | |0 0 |1 0 |4 0 |6 REV2325 |7 1 |9 49145 |a Arxiu |b Arxiu |d 2016-12-01 |h Núm. 23-24 (desembre 2001) ; Núm. [2002] |o Rev-2325 |p 28283 |r 2016-12-01 00:00:00 |w 2016-12-01 |y ARXIU |z El núm. 26 conté el treball d'investigació: "La transformació del paisatge del Masnou (1849-1945)" d'Isabel Giménez i Molina | ||
| 999 | |c 52984 |d 52984 | ||